| 000 | 00716cam a2200205 a 4500 | ||
|---|---|---|---|
| 020 | _a0787908002 (cloth : acidfree paper) | ||
| 040 | _cDLC | ||
| 082 | 0 | 0 | _a378 JOS 1997 A021 Or. |
| 100 | 1 | _aYoung, Robert B. | |
| 245 | 1 | 0 |
_aNo neutral ground : _bstanding by the values we prize in higher education / |
| 250 | _a1st ed. | ||
| 260 |
_aSan Francisco : _bJossey-Bass Publishers, _cc1997. |
||
| 300 |
_axvii, 231 p. ; _c24 cm. |
||
| 650 | 0 | _aEducation, Higher | |
| 650 | 0 | _aValues | |
| 856 | 4 | _uhttp://www.loc.gov/catdir/toc/onix07/96035693.html | |
| 856 | 4 | 2 | _uhttp://www.loc.gov/catdir/enhancements/fy0707/96035693-b.html |
| 856 | 4 | 2 | _uhttp://www.loc.gov/catdir/enhancements/fy0707/96035693-d.html |
| 942 | _cEK | ||
| 999 |
_c13540 _d13540 |
||